Derecho penal: parte general

Gespeichert in:
Bibliographische Detailangaben
1. Verfasser: Bacigalupo Zapater, Enrique (VerfasserIn)
Format: Buch
Sprache:Spanisch
Veröffentlicht: Buenos Aires Hammurabi 1999
Ausgabe:2a. ed
Schlagworte:
Tags: Tag hinzufügen
Keine Tags, Fügen Sie den ersten Tag hinzu!

MARC

LEADER 00000nam a2200000 a 4500
001 UCG4744
003 CL-VaPUC
008 101125e19990000AG |||||||||||||||||spa|d
020 |a 9789507410734 
082 0 4 |a 345  |b BAC  |2 21 
100 0 |a Bacigalupo Zapater, Enrique  |e author  |9 554194 
245 1 0 |a Derecho penal: parte general 
250 |a 2a. ed 
300 |a 691 p 
942 |c BK 
945 |d 20101125 00:00:00  |a mfarfan 
260 |a Buenos Aires  |b Hammurabi  |c 1999 
650 7 |a DERECHO PENAL  |2 CL-VaPUC  |9 11 
650 0 |a Criminología  |9 256168 
650 7 |a CULPABILIDAD  |2 CL-VaPUC  |9 351694 
650 7 |a LEGALIDAD  |2 CL-VaPUC  |9 373473 
650 0 |a Ley penal  |9 256611 
650 7 |a IMPUTACION  |2 CL-VaPUC  |9 398298 
650 7 |a TIPICIDAD  |2 CL-VaPUC  |9 258099 
650 0 |a Delitos  |9 224143 
583 |a last modification  |c 20190704 02:56:43  |k Rodrigo Vera 
999 |c 343393  |d 343391 
952 |0 0  |1 0  |4 0  |6 345_000000000000000_BAC_1999  |7 0  |8 A  |9 440679  |a BIBDER  |b BIBDER  |d 2019-11-22  |i 4737989  |l 4  |o 345 BAC 1999  |p 4737989  |r 2025-04-15  |s 2025-04-15  |w 2019-11-22  |y BK  |k DER